| 000 | 01080nam2a2200265 4500 | ||
|---|---|---|---|
| 001 | RU\NLR\bibl\1193425 | ||
| 005 | 20250615095906.0 | ||
| 010 |
_a978-5-275-01605-5 _bт. 7 |
||
| 021 |
_aRU _b2007-94453 _95098 |
||
| 035 | _a(NLR Aleph) 001179963 | ||
| 090 |
_a1651102 _c1651102 |
||
| 100 | _a20080227d2007 |||y0rusy50 ca | ||
| 101 | 1 |
_arus _cfre |
|
| 102 | _aRU | ||
| 105 | _aa ||||||||| | ||
| 200 | 1 |
_aСамоубийство _eроман _aЛенин _eполитическая биография _f[пер. с фр. Т. Чугуновой] |
|
| 210 |
_d2007 _aБ. м. |
||
| 215 |
_a622, [1] с. _cил. |
||
| 320 | _aБиблиогр. в примеч.: с. 606-621 | ||
| 461 | 0 |
_1001RU\NLR\bibl\1204660 _12001#$aСобрание сочинений$vТ. 7 _91718073 _aАлданов, М. А. (1886-1957) _cМосква _d2007 _fМарк Алданов _nТерра-Книжный клуб _oв 8 т. _tСобрание сочинений _y978-5-275-01607-9 _vТ. 7 |
|
| 801 | 0 |
_aRU _bNLR _c20080227 _gRCR |
|
| 801 | 1 |
_aRU _bNLR _c20080227 |
|
| 942 | _cBOOK | ||
| 980 | _aNB | ||